| 000 | 00000nam##2200000za#4500 |
| 001 | 9.633189 |
| 003 | CaOODSP |
| 005 | 20210624215215 |
| 007 | cr ||||||||||| |
| 008 | 150407|1997||||xxc|||||o f|0| 0 fre|d |
| 040 | |aCaOODSP|bfre |
| 043 | |an-cn--- |
| 086 | 1 |aSW21-68/1997F-PDF |
| 110 | 1 |aCanada. |bCondition féminine Canada. |
| 245 | 10|aPoints saillants des activités internationales du canada pour promouvoir l'avancement de la femme (1990-1997) |h[ressource électronique] |
| 260 | |aOttawa - Ontario : |bCondition féminine Canada |c1997. |
| 300 | |a19p. |
| 590 | |a06-10-Supp|b2006-12-15 |
| 691 | 07|aCondition de la femme|2gcpds |
| 691 | 07|aDiscrimination sexuelle|2gcpds |
| 691 | 07|aViolence faite aux femmes|2gcpds |
| 775 | 08|tCanada's international activities to promote the advancement of women : |w(CaOODSP)9.688770 |
| 856 | 40|ahttp://publications.gc.ca|qPDF|s66 Ko|uhttps://publications.gc.ca/collections/Collection/SW21-68-1997F.pdf |